000 00405nam a2200133Ia 4500
008 151001s9999||||xx |||||||||||||| ||und||
100 _aगोविंद गोपाळ टिपणीस
245 _aकौटिलीय अर्थशास्त्र प्रदीप
250 _a2
260 _bवरदा बुक्स
260 _c1990
300 _a207
365 _b20
999 _c971517
_d971514